Mis mejores partidas

Salvato in:
Dettagli Bibliografici
Autore principale: Karpov, Anatoli (Autore)
Natura: Libro
Lingua:spagnolo
Pubblicazione: Barcelona Paidotribo 2000
Edizione:2a. ed
Serie:Colección Caissa
Soggetti:
Tags: Aggiungi Tag
Nessun Tag, puoi essere il primo ad aggiungerne!!

MARC

LEADER 00000nam a2200000 a 4500
001 UCG3391
003 CL-VaPUC
008 100826e20000000SP |||||||||||||||||spa|d
020 |a 8480193719 
082 0 4 |a 794  |b KAR  |2 21 
100 |a Karpov, Anatoli  |e author  |9 552485 
245 1 0 |a Mis mejores partidas 
250 |a 2a. ed 
300 |a 173 p 
942 |c BK 
945 |d 20100826 00:00:00  |a mfarfan 
260 |a Barcelona  |b Paidotribo  |c 2000 
650 0 |a Ajedrez  |9 333081 
650 7 |a TABLEROS  |2 CL-VaPUC  |9 542651 
650 7 |a JUEGOS DE ESTRATEGIA  |2 CL-VaPUC  |9 428778 
650 7 |a ENTRETENIMIENTO  |2 CL-VaPUC  |9 539343 
583 |a last modification  |c 20100826 00:00:00  |k Rodrigo Vera 
490 0 |a Colección Caissa 
999 |c 342459  |d 342457 
952 |0 0  |1 0  |4 0  |6 794_000000000000000_KAR_2000  |7 0  |8 C  |9 438655  |a BIBCUR  |b BIBCUR  |d 2019-11-22  |i 4712668  |l 3  |o 794 KAR 2000  |p 4712668  |r 2025-04-22  |s 2023-10-02  |w 2019-11-22  |y BK  |k DEN